1640 1303 1572 1293 1503 1016 1447 1148 1933 1188 1545 1332 1341 1398 1928 1356 1688 1500 1295 1764 1428 1455 1950 1144 1133 1375 1237 1797 1098 1562 1329 1593 1577 1276 1886 1671 1821 1188 1730 1653 1666 1541 1737 1482 1532 1862 1961 1878 1547 1410 1194 1747 1207 1785 1268 1800 1467 1838 1678 1037 1362 1071 1353 1861 1103 1333 1353 1312 1014 1498 1535 1217 1639 1204 1373 1527 1141 1058 1549 1396 1191 1950 1810 1104 1358 1107 1900 1895 1379 1855 1342 1489 1982 1979 1467 1181 1104 1201 1392 BCNSPRNW ULIB Ver.6.0+V

เปลี่ยนเป็นภาษาไทย

Change to English
 แสดงรายละเอียดบรรณานุกรม
  กลับหน้าหลัก

Brief Record : Get Marc (ISO 2709) : E-mail record : QR code < ปิดหน้าต่าง
LEADER : 00000nam 2200000uu 4500
001    13399122230
003     ULIB
008    020711s2549 th a 000 0 tha d
020    9749950682
020    9789749950685
090    นว.^bY11จ
100    Yong Sok-gil
245    เจ้าพ่อเลือดทรนง 1/^cYong Sok-gil เขียน,Muzume แปล
260    กรุงเทพฯ :^bsiam inter books,^c2549
300    435 หน้า
500     มี 2 เล่ม
700    (...no)Muzume,^eแปล
945    ^p265^l0^i019593
999    ^aทศพร
รายการนี้ยังไม่มีแท็ก
คุณยังไม่ได้ล็อกอิน คุณสามารถมีกิจกรรมร่วมกับเว็บไซต์ได้ แต่ต้องล็อกอินก่อน ::
  ล็อกอิน

รายการสื่อสารสนเทศ

ลำดับที่ ประเภท เลขเรียก/บาร์โค้ด สถานที่ สถานะ
1. นวนิยาย
นวนิยาย
นว. Y11จ ฉ.1 
  Barcode: 019593
ห้องสมุดวิทยาเขตสวรรค์ประชารักษ์
►นวนิยาย
บนชั้น
  ขอยืม
Note: มี 2 เล่ม

รายการใกล้เคียง
    ผู้แต่ง [Yong Sok-gil]

BibComment


ยังไม่เคยถูกคอมเมนท์

คอมเมนท์ทรัพยากรรายการนี้
  คอมเมนท์: เจ้าพ่อเลือดทรนง ..


 Copyright 2026. Bcnsprnw @Library